000 00716nam a2200241 i 4500
001 C2-0195040
003 PPAK
005 20180728100056.0
008 990110s xx |||| ||||| | may d
040 _aPPAK
_beng
_cPPAK
_erda
082 0 4 _a630.9595112
_2 23
090 0 0 _a630.9595112
_bBUL
_dKK
110 2 _aLembaga Kemajuan Pertanian Muda (MADA)
245 0 0 _aBuletin Maju Muda
264 1 _aAlor Setar, Kedah :
_bLembaga Kemajuan Pertanian Muda (MADA) ,
336 _2rdacontent
_atext
337 _2rdamedia
_aunmediated
338 _2rdacarrier
_avolume
500 _a2/94, 3/94,1/95
650 1 0 _aAgriculture - Kedah
710 2 _aLembaga Kemajuan Pertanian Muda (MADA)
_eorganizer
942 _ddc
_cB
999 _c156555
_d156555